000 00792cam a2200277 4500
001 1240932
003 OSt
005 20230619122958.0
008 711103s1971 nyu 000 0 eng
010 _a 71160404
020 _a0151998906
040 _aDLC
_cDLC
_dDLC
043 _an-us---
082 0 0 _a301.6/3
_bKEN
100 1 _aKeniston, Kenneth.
245 1 0 _aYouth and dissent;
_bthe rise of a new opposition.
250 _a[1st ed.]
260 _aNew York,
_bHarcourt Brace Jovanovich
_c[1971]
300 _axii, 403 p.
_c25 cm.
350 _a$9.95
650 0 _aYoung adults
_xPolitical activity
_zUnited States.
650 0 _aAlienation (Social psychology)
650 0 _aRadicalism
_zUnited States.
906 _a7
_bcbc
_corignew
_d2
_encip
_f19
_gy-gencatlg
942 _2ddc
_cBK
999 _c1294
_d1294